000 00707nam a2200241Ia 4500
003 OSt
005 20220927110343.0
006 a|||||r|||| 00| 0
007 ta
008 220926b |||||||| |||| 00| 0 eng d
024 _a49594
037 _cReports
040 _aRTL
_cRTL
_beng
041 _2eng
_aeng
082 _a"X:89Q8.2.N60t, K0/GD"
111 _a"India, Quality Control and Pre-Shipment Inspect (Adhoc Committee on ...) (Chairman : Lal C. Verman) (1960 : India)"
_9376505
245 0 _aReport.
260 _c1960
300 _a106p.
_ccm.
650 _aQuality Control
_9353933
942 _h"X:89Q8.2.N60t, K0/GD"
_cCC
999 _c695724
_d695724